000 00660nam a2200205 a 4500
999 _c1278
_d1278
001 1278
003 BD-JhCC
005 20200709134008.0
008 171017s1987 bg |||| |||| 000 0 ben d
035 _a(BD-JhCC)1278
040 _aBD-JhCC
_dBD-JhCC
041 _aben
082 _a891.4409
_bKAI 1987
100 _aকায়সার, রফিক
245 _aতিন পুরুষের রাজনীতি /
_cরফিক কায়সার
260 _aঢাকা :
_bঅনুপম প্রকাশনী,
_c১৯৮৭.
300 _a১৬০ পৃ. :
_c২২ সে.মি.
650 _aBenglai Literature
942 _2ddc
_cBK
_01